000 00493nam a2200193 a 4500
001 651
003 CO-ViMGA
008 141112s2004 ck r 000 u spa d
040 _aCO-ViMGA
_bspa
_cCO-ViMGA
082 0 4 _a863.64 D654h
100 1 _aDomínguez, Carlos Guillermo
_948484
245 1 0 _aEl hombre de otra galaxia
250 _a7a
260 _aMadrid :
_bS.M,
_c1995
300 _a106 p : il
490 _aEl barco de vapor, 51
650 1 4 _aNOVELA ESPAÑOLA
_9488
942 _2ddc
_cBK
999 _c12890
_d12890